Κατάλογος Βιβλιοθηκών Mediterranean College

Σύμβαση Εκτέλεσης Δημόσιου Έργου / Νόμοι 3669/ 2008 - 4070/ 2012 και 4412/2016: Ερμηνεία και Νομολογία κατ' Άρθρο (Record no. 3371)

MARC details
000 -LEADER
fixed length control field 01171cam a22001934a 4500
005 - ΗΜΕΡΟΜΗΝΙΑ ΚΑΙ ΩΡΑ ΤΕΛΕΥΤΑΙΑΣ ΕΝΗΜΕΡΩΣΗΣ
Πεδίο ελέγχου 20250605164113.0
008 - FIXED-LENGTH DATA ELEMENTS--GENERAL INFORMATION
Πεδίο ελέγχου σταθερού μήκους 250528s ||||||||||||||||||||||||d
035 ## - SYSTEM CONTROL NUMBER
System control number 17977
020 ## - ISBN
ISBN 9789606221330
040 ## - ΠΗΓΗ ΚΑΤΑΛΟΓΟΓΡΑΦΗΣΗΣ
Φορέας πρωτότυπης καταλογογράφησης MC Athens Campus Library
Γλώσσα καταλογογράφησης Ελληνικά, Μοντέρνα (1453-)
Modifying agency MC Athens Campus Library
Κανόνες περιγραφικής καταλογογράφησης AACR2
245 1# - ΤΙΤΛΟΣ ΚΑΙ ΔΗΛΩΣΗ ΥΠΕΥΘΥΝΟΤΗΤΑΣ
Τίτλος Σύμβαση Εκτέλεσης Δημόσιου Έργου / Νόμοι 3669/ 2008 - 4070/ 2012 και 4412/2016: Ερμηνεία και Νομολογία κατ' Άρθρο
260 ## - PUBLICATION, DISTRIBUTION, ETC.
Name of publisher, distributor, etc. Εκδόσεις Πανεπιστημίου Μακεδονίας,
Date of publication, distribution, etc. 2017
300 ## - PHYSICAL DESCRIPTION
Extent 404
520 ## - SUMMARY, ETC.
Summary, etc. Πρόλογος, Εισαγωγικές Παρατηρήσεις, Ερμηνεία και Νομολογία Κατ' Άρθρο, Σύμβαση Κατασκευής του Έργου, Εργολαβική Σύμβαση, Διοίκηση και Διαχείριση του Έργου, Επίλυση Διαφόρων από την Σύμβαση Εκτέλεσης Δημόσιου Έργου, Ενδεικτική Βιβλιογραφία, Ευρετήριο Αποφάσεων και Όρων.
700 1# - ΠΡΟΣΘΕΤΗ ΑΝΑΓΡΑΦΗ--ΦΥΣΙΚΟ ΠΡΟΣΩΠΟ
Personal name Μητκίδης Χρήστος
9 (RLIN) 4292
942 ## - ADDED ENTRY ELEMENTS (KOHA)
Koha item type Books
Holdings
Τύπος τεκμηρίου Βιβλιοθήκη Τρέχουσα τοποθεσία Barcode Αριθμός εισαγωγής Ημερομηνία απόκτησης Ταξιθετικό σύμβολο Αριθμός αντιτύπου Κατάσταση απόσυρσης Κατάσταση χαμένου Κατάσταση κατεστραμμένου Μη δανεισμός Σύνολο δανεισμών Ημερομηνία τελευταίας εμφάνισης Η τιμή ισχύει από
Books MC Athens Campus Library MC Athens Campus Library 9780000033703 7418 05/06/2025 351.712 MIT 1           05/06/2025 05/06/2025

MC Athens Campus Library
Πατησίων 94 & Κοδριγκτώνος 13, 104 34
Πελλήνης 8 & Πατησίων 107, 112 51
Τ: +30 210 8899600

MC Thessaloniki Campus Library
Ίωνος Δραγούμη 21, 54625 | Ίωνος Δραγούμη 15, 54625
Τ: +30 2310 287779 – Τ: +30 2314 440300